Giáo trình thẩm định dự án đầu tư khu vực công

Giáo trình gồm 12 chương. Cung cấp những kiến thức chung về dự án đầu tư, việc tổ chức soạn thảo dự án đầu tư và việc tổ chức thẩm định dự án đầu tư. Các chương còn lại lần lượt là các nội dung nghiên cứu về thị trường, kỹ t...

Fuld beskrivelse

Đã lưu trong:
Bibliografiske detaljer
Hovedforfatter: Nguyễn Hồng Thắng (Chủ biên)
Andre forfattere: Nguyễn Thị Huyền
Format: Bog
Sprog:Vietnamese
Udgivet: H. Thống kê 2010
Fag:
Tags: Tilføj Tag
Ingen Tags, Vær først til at tagge denne postø!
Thư viện lưu trữ: Thư viện Trường Đại học Nam Cần Thơ
LEADER 01990aam a22002538a 4500
001 NCT_19879
008 160713s2016 ||||||viesd
999 |c 944  |d 944 
020 |c 78000 
082 0 4 |2 23rd ed.  |a 332.6  |b H527 
100 1 |a Nguyễn Hồng Thắng  |e Chủ biên 
245 1 0 |a Giáo trình thẩm định dự án đầu tư khu vực công  |c Nguyễn Hồng Thắng (Chủ biên), Nguyễn Thị Huyền 
260 |a H.  |b Thống kê  |c 2010 
300 |a 501 tr.  |c 24 cm 
520 3 |a Giáo trình gồm 12 chương. Cung cấp những kiến thức chung về dự án đầu tư, việc tổ chức soạn thảo dự án đầu tư và việc tổ chức thẩm định dự án đầu tư. Các chương còn lại lần lượt là các nội dung nghiên cứu về thị trường, kỹ thuật, tổ chức quản trị, tài chính và hiệu quả kinh tế - xã hội của dự án đầu tư 
653 |a Tài chính - Ngân hàng 
700 1 |a Nguyễn Thị Huyền 
942 |2 ddc  |c BK 
952 |0 0  |1 0  |2 ddc  |4 0  |6 332_600000000000000_H527  |7 0  |9 5813  |a 000001  |b 000001  |d 2017-12-27  |l 1  |o 332.6 H527  |p MD.06137  |r 2018-03-19  |s 2018-02-28  |v 78000.00  |w 2017-12-27  |y BK 
952 |0 0  |1 0  |2 ddc  |4 0  |6 332_600000000000000_H527  |7 0  |9 5814  |a 000001  |b 000001  |d 2017-12-27  |o 332.6 H527  |p MD.06138  |r 2017-12-27  |v 78000.00  |w 2017-12-27  |y BK 
952 |0 0  |1 0  |2 ddc  |4 0  |6 332_600000000000000_H527  |7 0  |9 5815  |a 000001  |b 000001  |d 2017-12-27  |o 332.6 H527  |p MD.06139  |r 2017-12-27  |v 78000.00  |w 2017-12-27  |y BK 
952 |0 0  |1 0  |2 ddc  |4 0  |6 332_600000000000000_H527  |7 0  |9 5816  |a 000001  |b 000001  |d 2017-12-27  |o 332.6 H527  |p MD.06140  |r 2017-12-27  |v 78000.00  |w 2017-12-27  |y BK 
952 |0 0  |1 0  |2 ddc  |4 0  |6 332_600000000000000_H527  |7 0  |9 19875  |a 000001  |b 000001  |d 2020-07-14  |l 1  |o 332.6 H527  |p MD.06110  |r 2020-07-14  |s 2020-07-14  |v 78.00  |w 2020-07-14  |y BK 
980 |a Thư viện Trường Đại học Nam Cần Thơ